| 000 | 00549nam a2200205 a 4500 | ||
|---|---|---|---|
| 001 | 2331 | ||
| 003 | CDMR | ||
| 005 | 20131121113908.0 | ||
| 008 | 130130s1968||||||||||||||||||||||||||||d | ||
| 040 |
_aCDMR _bcat _cCDMR |
||
| 100 | 1 |
_aEscarpit, Robert _97 |
|
| 245 | 1 | 3 |
_aLa revolución del libro _cRobert Escarpit |
| 260 |
_aMadrid _bAlianza |
||
| 260 |
_aParís _c1968 _bUnesco |
||
| 300 | _a205 p. | ||
| 490 | 0 |
_aEl Libro de Bolsillo _aHumanidades _v148 |
|
| 650 | 0 | 4 |
_93456 _aLlibres _xIndústria i comerç |
| 650 | 0 | 4 |
_93457 _aEditors |
| 942 |
_cMON _2udc |
||
| 999 |
_c2331 _d2331 |
||